000 00419nam a22001697a 4500
005 20160629120713.0
008 160629b xxu||||| |||| 00| 0 eng d
020 _a81-85749-11-6
041 _aeng
082 _b11988
100 _aGautam, A.K
_93113
245 _aPrinciples of communication engineering
260 _bS.K. Kataria & Sons
_c2012
300 _a293
650 _aDiploma Engineering
_9817
942 _cBK
999 _c4622
_d4620